Cine-literatura: ritos de pasaje
में बचाया:
| मुख्य लेखक: | |
|---|---|
| स्वरूप: | पुस्तक |
| भाषा: | स्पेनिश |
| प्रकाशित: |
Buenos Aires
Paidós
2001
|
| संस्करण: | 1a. ed |
| श्रृंखला: | Estudios de Comunicación
|
| विषय: | |
| टैग: |
टैग जोड़ें
कोई टैग नहीं, इस रिकॉर्ड को टैग करने वाले पहले व्यक्ति बनें!
|
MARC
| LEADER | 00000nam a2200000 a 4500 | ||
|---|---|---|---|
| 001 | UCL9844 | ||
| 003 | CL-VaPUC | ||
| 008 | 040827e20010000AG |||||||||||||||||spa|d | ||
| 020 | |a 9501227162 | ||
| 082 | 0 | 4 | |a 791.43015 |b WOL |2 21 |
| 100 | 0 | |a Wolf, Sergio |e author |9 487769 | |
| 245 | 1 | 0 | |a Cine-literatura: ritos de pasaje |
| 250 | |a 1a. ed | ||
| 300 | |a 175 p | ||
| 942 | |c BK | ||
| 945 | |d 20040827 00:00:00 |a cmena | ||
| 260 | |a Buenos Aires |b Paidós |c 2001 | ||
| 650 | 7 | |a PELICULAS CINEMATOGRAFICAS |2 CL-VaPUC |9 487770 | |
| 650 | 0 | |a Guiones cinematográficos |9 266811 | |
| 650 | 0 | |a Literatura |9 259151 | |
| 650 | 0 | |a Crítica e interpretación |9 255042 | |
| 583 | |a last modification |c 20040827 00:00:00 |k Rodrigo Vera | ||
| 490 | 0 | |a Estudios de Comunicación | |
| 999 | |c 310487 |d 310485 | ||
| 952 | |0 0 |1 0 |4 0 |6 791_430150000000000_WOL_2001 |7 0 |8 R |9 379021 |a BIBART |b BIBART |d 2019-11-21 |i 4055519 |o 791.43015 WOL 2001 |p 4055519 |r 2025-03-13 |w 2019-11-21 |y BK_R |k ART | ||
| 952 | |0 0 |1 0 |4 0 |6 791_430150000000000_WOL_2001 |7 0 |8 A |9 379022 |a BIBCUR |b BIBCUR |d 2019-11-21 |i 4683099 |l 1 |o 791.43015 WOL 2001 |p 4683099 |r 2025-04-22 |s 2023-08-16 |w 2019-11-21 |y BK |k PER | ||